000 00320nam a2200133Ia 4500
005 20260328104336.0
008 260328s9999||||xx |||||||||||||| ||und||
100 _aHito
245 0 _aLe Corbusier como Ingeniero /
_cHito
260 _bMinisterio de Gobierno
300 _a52 p.
650 _aARQUITECTURA
942 _cBK
999 _c11916
_d11916